Central Library OPAC University of Rajshahi

The function of the public schools in dealing with religion : (Record no. 43206)

MARC details
000 -LEADER
fixed length control field 00851nam a2200241 a 4500
001 - CONTROL NUMBER
control field 43206
003 - CONTROL NUMBER IDENTIFIER
rucl marc code BD-RjUL
005 - DATE AND TIME OF LATEST TRANSACTION
control field 20211209053649.0
008 - FIXED-LENGTH DATA ELEMENTS--GENERAL INFORMATION
fixed length control field 160620s1953 dcu b 000 0 eng
035 ## - SYSTEM CONTROL NUMBER
System control number (BD-RjUL)43324
System control number (OCoLC)188435
040 ## - CATALOGING SOURCE
Original cataloging agency DLC
Transcribing agency ODaWU
Modifying agency OCoLC
-- BD-RjUL
Language of cataloging eng
041 ## - LANGUAGE CODE
Language code of text/sound track or separate title eng
082 ## - DEWEY DECIMAL CLASSIFICATION NUMBER
Classification number 377.1
Author mark and year FUN 1953
110 2# - MAIN ENTRY--CORPORATE NAME
Corporate name or jurisdiction name as entry element American Council on Education.
Subordinate unit Committee on Religion and Education.
9 (RLIN) 132696
245 14 - TITLE STATEMENT
Title The function of the public schools in dealing with religion :
Remainder of title a report on the exploratory study made by the Committee on Religion and Education /
260 ## - PUBLICATION, DISTRIBUTION, ETC. (IMPRINT)
Place of publication, distribution, etc. Washington :
Name of publisher, distributor, etc. American Council on Education,
Date of publication, distribution, etc. 1953
300 ## - PHYSICAL DESCRIPTION
Pagination xiv, 145 p.;
Size 22 cm.
504 ## - BIBLIOGRAPHY, ETC. NOTE
Bibliography, etc Bibliography: p.[125]-145.
650 #0 - SUBJECT ADDED ENTRY--TOPICAL TERM
Topical term or geographic name as entry element Religious education
Geographic subdivision United States.
9 (RLIN) 132695
942 ## - ADDED ENTRY ELEMENTS (KOHA)
Source of classification or shelving scheme Dewey Decimal Classification
Koha item type Books
Holdings
Lost status Source of classification or shelving scheme Damaged status Not for loan Collection code Permanent Location Current Location Shelving location Date acquired Source of acquisition Total Checkouts Full call number Date last seen Copy number Koha item type
  Dewey Decimal Classification     Non-fiction Central Library, University of Rajshahi Central Library, University of Rajshahi   20/02/1958 U.S.I.S., Dacca   377.1 FUN 1953 20/06/2016 C-2 Books